Statistics for All My Singing Monsters v.4.1.4

Click here to take the quiz!

General Stats

  • This quiz has been taken 32 times
    (17 since last reset)
  • The average score is 97 of 202

Answer Stats

TypeElement(s)Answer% Correct
NaturalEarth/AirCybop
100%
NaturalEarth/WaterFwog
100%
NaturalColdMammott
100%
NaturalCold/WaterMaw
100%
NaturalEarthNoggin
100%
NaturalPlantPotbelly
100%
NaturalWater/AirQuibble
100%
NaturalWaterToe Jammer
100%
NaturalAirTweedle
100%
NaturalCold/Water/PlantBowgart
89%
NaturalEarth/Cold/PlantClamble
89%
NaturalCold/Water/AirCongle
89%
NaturalPlant/AirDandidoo
89%
NaturalCold/Water/Plant/AirDeedge
89%
NaturalEarth/ColdDrumpler
89%
NaturalEarth/Cold/Water/PlantEntbrat
89%
NaturalCold/PlantFurcorn
89%
Core SeasonalSummerSongHoola
89%
NaturalWater/PlantOaktopus
89%
NaturalEarth/Water/PlantPummel
89%
NaturalEarth/Cold/Plant/AirQuarrister
89%
NaturalEarth/Cold/Water/AirRiff
89%
NaturalEarth/Water/Plant/AirShellbeat
89%
NaturalEarth/PlantShrubb
89%
NaturalCold/Plant/AirThumpies
89%
NaturalEarth/Cold/WaterT-Rox
89%
FireCold/FireBoskus
78%
MagicalBoneClackula
78%
FirePlant/FireFlowah
78%
FireAir/FireGlowl
78%
MagicalPlant/LightGob
78%
FireFireKayna
78%
NaturalCold/AirPango
78%
NaturalEarth/Cold/AirPomPom
78%
NaturalEarth/Plant/AirReedling
78%
FireWater/Plant/FireRootitoot
78%
NaturalEarth/Water/AirScups
78%
LegendaryShugafamShugabush
78%
FireCold/Water/Air/FireSneyser
78%
NaturalWater/Plant/AirSpunge
78%
FireEarth/Plant/Air/FireTring
78%
FireCold/Air/FireWoolabee
78%
FirePlant/Air/FireBarrb
67%
Core SeasonalEggs-TravaganzaBlabbit
67%
MagicalFaerieFloot Fly
67%
MagicalLightFluoress
67%
EtherealPlasmaGhazt
67%
EtherealShadowGrumpyre
67%
EtherealPoisonHumbug
67%
FireEarth/Cold/Plant/FirePongPing
67%
Core SeasonalSpooktaclePunkleton
67%
EtherealMechReebro
67%
FireCold/Plant/FireSooza
67%
FireEarth/FireStogg
67%
LegendaryWerdoTawkerr
67%
FireEarth/Water/FireThrumble
67%
SupernaturalElectricityWubbox
67%
FireCold/Water/FireWynq
67%
Core SeasonalFestival of YayYool
67%
FireWater/Plant/Air/FireBisonorus
56%
FireEarth/Water/Plant/Air/FireCandelavra
56%
Aux. SeasonalBeat HereafterClavavera
56%
FireEarth/Cold/Plant/Air/FireDrummidary
56%
FireEarth/Air/FireFloogull
56%
FireEarth/Cold/Water/Plant/FireGnarls
56%
FireCold/Water/Plant/FireIncisaur
56%
Aux. SeasonalAnniversary MonthJam Boree
56%
LegendaryWerdoMaggpi
56%
NaturalEarth/Cold/Water/Plant/AirMimic
56%
EtherealPlasma/MechNebulob
56%
LegendaryWerdoParlsona
56%
FireWater/FirePhangler
56%
FireEarth/Plant/FireRepatillo
56%
LegendaryShugafamShugabass
56%
LegendaryShugafamShugavox
56%
EtherealPlasma/CrystalSox
56%
MagicalPsychicTheremind
56%
FireEarth/Cold/Water/FireTiawa
56%
FireWater/Air/FireWhaddle
56%
EtherealPlasma/ShadowWhisp
56%
EtherealPlasma/Shadow/PoisonBlarret
44%
MagicalPlant/PsychicBonkers
44%
FireCold/Water/Plant/Air/FireBowhead
44%
SupernaturalWublinBrump
44%
MagicalCold/Fire/FaerieClavi Gnat
44%
EtherealMech/PoisonDragong
44%
FireEarth/Water/Plant/FIreEdamimi
44%
FireEarth/Water/Air/FireFlum Ox
44%
EtherealCrystal/PoisonFung Pray
44%
MythicalMythicalG'joob
44%
Aux. SeasonalFeast-EmberGobbleygourd
44%
EtherealCrystalJeeode
44%
FireEarth/Cold/Air/FireKrillby
44%
MagicalEarth/BonePeckidna
44%
MagicalEarth/Cold/Fire/FaeriePladdie
44%
MagicalEarth/Water/Fire/BonePlinkajou
44%
MagicalFire/LightPluckbill
44%
MagicalWater/PsychicPoppette
44%
Core SeasonalSeason of LoveSchmoochle
44%
LegendaryShugafamShugajo
44%
LegendaryShugafamShugitar
44%
LegendaryWerdoStoowarb
44%
MagicalPlant/Fire/LightTooToo
44%
FireEarth/Cold/Water/Air/FireTuskski
44%
EtherealPlasma/Shadow/Mech/CrystalWhaill
44%
Aux. SeasonalSkyPaintingWhiz-bang
44%
MythicalMythicalYawstrich
44%
FireCold/Plant/Air/FireYelmut
44%
MagicalFire/PsychicYuggler
44%
FireEarth/Cold/FireZigurrab
44%
SupernaturalWublinZynth
44%
EtherealShadow/MechArackulele
33%
EtherealPlasma/Mech/PoisonAuglur
33%
MagicalWater/Fire/BoneBanjaw
33%
EtherealMech/CrystalBellowfish
33%
MagicalCold/Plant/Fire/LightBlow't
33%
SupernaturalWublinBona-Petite
33%
Aux. SeasonalMindBoggleBoo'qwurm
33%
MagicalEarth/Fire/FaerieBridg-it
33%
MagicalCold/LightBulbo
33%
MagicalLight/PsychicCahoot
33%
MagicalEarth/Cold/FaerieCantorell
33%
Aux. SeasonalCloverspellFfidyll
33%
MagicalCold/Fire/LightFiddlement
33%
MagicalLight/Psychic/FaerieFrondley
33%
EtherealPlasma/Shadow/CrystalGaddzooks
33%
MagicalWater/Plant/Fire/PsychicGloptic
33%
MagicalEarth/FaerieHippityHop
33%
MythicalMythicalHyehehe
33%
EtherealPlasma/PoisonJellbilly
33%
SupernaturalWublinMaulch
33%
MagicalWater/Fire/PsychicPeriscorp
33%
SupernaturalWublinPixolotl
33%
MagicalPlant/Fire/PsychicRooba
33%
SupernaturalWublinScreemu
33%
LegendaryShugafamShugabeats
33%
LegendaryShugafamShugarock
33%
MagicalCold/Plant/LightSpytrap
33%
MagicalCold/FaerieSquot
33%
MagicalWater/Plant/PsychicTapricorn
33%
SupernaturalWublinThwok
33%
MagicalEarth/Water/BoneWithur
33%
MagicalPsychic/BoneXyster
33%
EtherealPlasma/Shadow/MechYooreek
33%
SupernaturalWublinZuuker
33%
MythicalMythicalAnglow
22%
CelestialCelestialAttmoz
22%
CelestialCelestialBlasoom
22%
MythicalDreamythicalBleatnik
22%
EtherealShadow/CrystalBoodoo
22%
MythicalMythicalBuzzinga
22%
Aux. SeasonalCrescendo MoonCarillong
22%
MythicalDreamCatalizt
22%
MythicalMythicalCherubble
22%
MythicalDreamythicalCranchee
22%
SupernaturalWublinCreepuscule
22%
MagicalPsychic/FaerieDeja-Jin
22%
MagicalWater/BoneDenchuhs
22%
SupernaturalWublinDwumrohl
22%
MagicalLight/Psychic/Faerie/BoneEnchantling
22%
CelestialCelestialFurnoss
22%
CelestialCelestialGalvana
22%
MagicalLight/Psychic/BoneG'Day
22%
SupernaturalWublinGheegur
22%
CelestialCelestialGlaishur
22%
MagicalFire/BoneHawlo
22%
CelestialCelestialHornacle
22%
MagicalLight/FaerieKnucklehead
22%
MythicalDreamythicalKnurv
22%
MagicalPsychic/Faerie/BoneLarvaluss
22%
CelestialCelestialLoodvig
22%
Aux. SeasonalLife-FormulaMonculus
22%
MagicalLight/Faerie/BoneMushaboom
22%
EtherealShadow/Mech/CrystalNitebear
22%
MagicalFaerie/BoneOsstax
22%
MythicalDreamythicalPinghound
22%
EtherealShadow/Mech/PoisonPiplash
22%
CelestialCelestialPlixie
22%
SupernaturalWublinPoewk
22%
MagicalLight/BoneRoarick
22%
CelestialCelestialScaratar
22%
SupernaturalWublinScargo
22%
MythicalDreamythicalshLep
22%
LegendaryShugafamShugabuzz
22%
MythicalDreamythicalSporerow
22%
MythicalMythicalStrombonin
22%
CelestialCelestialSyncopite
22%
CelestialCelestialTorrt
22%
SupernaturalWublinTympa
22%
MagicalEarth/Fire/BoneUuduk
22%
CelestialCelestialVhamp
22%
EtherealPlasma/Shadow/Mech/PoisonVhenshun
22%
Aux. SeasonalEchoes of EcoViveine
22%
MythicalDreamythicalWheezel
22%
MagicalFire/FaerieWimmzies
22%
SupernaturalWublinAstropod
11%
SupernaturalWublinBlipsqueak
11%
SupernaturalWublinDermit
11%
EtherealPlasma/Crystal/PoisonFlasque
11%
SupernaturalWublinFleechwurm
11%
EtherealShadow/PoisonKazilleon
11%
SupernaturalWublinWhajje
11%

Score Distribution

Percentile by Number Answered

Percent of People with Each Score

Your Score History

You have not taken this quiz since the last reset